000 00832nam a2200253 i 4500
001 C2-0340807
003 PPAK
005 20180728142641.0
008 170212s2015 nyua|||| ||||| | eng d
020 _a9780316268080
040 _aPPAK
_beng
_cPPAK
_erda
082 0 4 _a796.334092
_223
090 0 0 _a796.334092
_bFER
_dLCK
100 1 _aFerguson, Alex,
_eauthor
245 1 0 _aLeading :
_blearning from life and my years at Manchester United
264 1 _aNew York :
_bHachette Books ,
_c2015
300 _a406 pages :
_bcolour photographs ;
_c24 cm
336 _2rdacontent
_atext
337 _2rdamedia
_aunmediated
338 _2rdacarrier
_avolume
500 _aIncludes index
650 1 0 _aFerguson, Alex, - 1941- ; Soccer managers - Scotland - Biography. ; Soccer managers |z Scotland |v Biography.
942 _ddc
_cB
999 _c137944
_d137944